000 00539nam a2200169 i 4500
001 150176
003 ES-MaACL
005 20250624062533.0
007 t|
008 071029s1926 sp |||| | spa d
100 1 _aValle-Inclán, Ramón del,
_d1866-1936
_9112796
245 1 0 _aTirano Banderas
_b: novela /
_cpor Ramón del Valle-Inclán.
260 _aMadrid :
_b[s.n.],
_c1926 (
_fImp. Rivadeneyra)
300 _a361 p. ;
_c17 cm.
852 _aES-MaACL
_jB-6045
_z- Enc. hol., conservando cubierta original
999 _c150176
_d150176